International routes from Edinburgh International Airport (EDI) - Statistics

General Stats
  • This quiz has been taken 13 times
  • The average score is 88 of 101
Answer Stats
Airline International Route Country % Correct
KLM | easyJet Amsterdam Netherlands
100%
Delta Airlines Atlanta United States of America
100%
Vueling | easyJet Barcelona Spain
100%
easyJet Basel/Mulhouse Switzerland/France
100%
Norwegian Air Shuttle Bergen Norway
100%
easyJet Berlin Germany
100%
Vueling Bilbao Spain
100%
Delta Airlines | JetBlue Boston United States of America
100%
United Airlines Chicago-O'Hare United States of America
100%
Norwegian Air Shuttle | Scandinavian Airlines | easyJet Copenhagen Denmark
100%
Emirates Dubai-International United Arab Emirates
100%
Aer Lingus Dublin Ireland
100%
Eurowings | easyJet Dusseldorf Germany
100%
Lufthansa Frankfurt Germany
100%
easyJet Geneva Switzerland
100%
Finnair Helsinki Finland
100%
Turkish Airlines Istanbul Turkiye
100%
Pegasus Airlines Istanbul-Saibha Gocken Turkiye
100%
easyJet Krakow Poland
100%
easyJet Lisbon Portugal
100%
Iberia Express | easyJet Madrid Spain
100%
easyJet Marrakesh Morocco
100%
easyJet Milan-Liante Italy
100%
easyJet Milan-Malpensa Italy
100%
Air Canada Montreal-Trudeau Canada
100%
Lufthansa | easyJet Munich Germany
100%
easyJet Naples Italy
100%
American Airlines | Delta Airlines | JetBlue New York-JFK United States of America
100%
easyJet Nice France
100%
Norwegian Air Shuttle Oslo Norway
100%
British Airways | easyJet Palma de Mallorca Spain
100%
Air France | easyJet Paris-Charles de Gaulle France
100%
Transavia Paris-Orly France
100%
Icelandair | easyJet Reykjavik-Keflavik Iceland
100%
Norwegian Air Shuttle | Scandinavian Airlines Stockholm-Arlanda Sweden
100%
Air Canada | WestJet Toronto-Pearson Canada
100%
easyJet Venice Italy
100%
Austrian Airlines Vienna Austria
100%
United Airlines Washington-Dulles United States of America
100%
Edelweiss Air | easyJet Zurich Switzerland
100%
SunExpress | easyJet Antalya Turkiye
90%
Aegean Airlines | easyJet Athens Greece
90%
Eurowings Cologne Germany
90%
Qatar Airways Doha Qatar
90%
British Airways Florence Italy
90%
easyJet Heraklion Greece
90%
easyJet Ljubljana Slovenia
90%
Luxair Luxembourg Luxembourg
90%
easyJet Lyon France
90%
easyJet Malaga Spain
90%
United Airlines Newark United States of America
90%
Virgin Atlantic Orlando United States of America
90%
American Airlines Philadelphia United States of America
90%
easyJet Prague Czechia
90%
easyJet Alicante Spain
80%
Hainan Airlines Beijing-Capital China
80%
easyJet Bordeaux France
80%
WestJet Calgary Canada
80%
easyJet Dubrovnik Croatia
80%
WestJet Halifax Canada
80%
easyJet Innsbruck Austria
80%
British Airways San Sebastian Spain
80%
Eurowings Stuttgart Germany
80%
easyJet Gran Canaria Spain
70%
easyJet Paphos Cyprus
70%
easyJet Rhodes Greece
70%
easyJet Tenerife-South Spain
70%
easyJet Corfu Greece
60%
SunExpress | easyJet Dalaman Turkiye
60%
easyJet Sharm El Sheikh Egypt
60%
easyJet Agadir Morocco
50%
easyJet Enfidha Tunisia
50%
easyJet Fuerteventura Spain
50%
easyJet Grenoble France
50%
easyJet Hurghada Egypt
50%
easyJet Lanzarote Spain
50%
easyJet Rovaniemi Finland
50%
easyJet Catania Spain
40%
easyJet Olbia Italy
40%
Atlantic Airways Vagar Iceland
30%
Norwegian Air Shuttle Billund Norway
20%
TUI Airways Chambery France
20%
No matching quizzes found
Score Distribution
Percent of People with Each Score
Percentile by Number Answered
Your Score History
You have not taken this quiz